Nba Players by Career Stats - Statistics

General Stats
  • This quiz has been taken 113 times
  • The average score is 7 of 15
Answer Stats
Stats Answer % Correct
30.1 points, 6.2 rebounds and 5.3 assists Michael Jordan
95%
27.2 points, 7.5 rebounds and 7.3 assists Lebron James
94%
25.0 points, 5.2 rebounds and 4.7 assists Kobe Bryant
72%
27.3 points, 7.1 rebounds and 4.3 assists Kevin Durant
63%
19.5 points, 11.2 assists and 7.2 rebounds Magic Johnson
62%
21.8 points, 11.1 rebounds and 2.5 assists Hakeem Olajuwon
52%
24.8 points, 6.9 assists and 5.6 rebounds James Harden
48%
24.3 points, 10 rebounds and 6.3 assists Larry Bird
48%
23.7 points, 10.9 rebounds, 2.5 assists and 2.3 blocks Shaq
42%
14.3 points, 3.0 rebounds, and 8.5 assists Steve Nash
40%
18.9 points, 4.1 rebounds and 3.4 assists Ray Allen
21%
19.2 points, 3.6 rebounds, and 9.3 assists Isiah Thomas
19%
23.0 points, 6.5 rebounds, and 5.1 assists Paul Pierce
15%
2.4 rebounds and 2.2 points Tacko Fall
2%
19.8 points, 3.9 rebounds and 3.9 assists Zach Lavine
2%
No matching quizzes found
Score Distribution
Percent of People with Each Score
Percentile by Number Answered
Your Score History
You have not taken this quiz